[Event "Elgoibar 09th"]
[Site "Elgoibar"]
[Date "1999.??.??"]
[Round "4"]
[White "Fernandes, Antonio ETG"]
[Black "Korneev, Oleg"]
[Result "0-1"]
[WhiteElo "2438"]
[BlackElo "2615"]
[Annotator "Hecht,H"]
[PlyCount "193"]
[EventDate "1999.11.??"]
[EventType "tourn"]
[EventRounds "9"]
[EventCountry "ESP"]
[EventCategory "9"]
[SourceTitle "CBM 075"]
[Source "ChessBase"]
[SourceDate "2000.04.05"]
[SourceVersion "1"]
[SourceVersionDate "2000.04.05"]
[SourceQuality "1"]

1. d4 d5 2. c4 e6 3. Nc3 Be7 4. cxd5 exd5 5. Bf4 Nf6 6. e3 Bf5 7. h3 O-O 8. Bd3
Bxd3 9. Qxd3 Bd6 10. Bg5 c6 11. Nge2 Nbd7 12. O-O Re8 13. Rab1 a5 14. a4 Nf8
15. f3 h6 16. Bh4 Ng6 17. Bf2 Qe7 18. Rbe1 Rad8 19. Ng3 Bxg3 20. Bxg3 Nh5 21.
Bh2 Qh4 22. Ne2 Rd7 23. g4 Nf6 24. Kg2 Nh7 25. Nf4 Nxf4+ 26. Bxf4 Nf8 27. Bg3
Qd8 28. Re2 Ne6 29. Rb1 Qb6 30. Rc2 Nc7 31. Bf4 Na6 32. Rd2 Rde7 33. h4 Nb4 34.
Qc3 Re6 35. b3 Qd8 36. h5 b6 37. Rg1 Qe7 38. Kf2 f6 39. Rc1 Rc8 40. Qb2 c5 41.
Qb1 Rec6 42. Qf5 Qe6 43. Qxe6+ Rxe6 44. dxc5 bxc5 45. e4 dxe4 46. Re1 c4 47.
bxc4 Rxc4 48. Rxe4 Rcxe4 49. fxe4 {[#] Schwache weiße Bauern und weniger
Springer; Endspieltaktik.} Rxe4 50. Kf3 Rc4 51. Rd8+ Kh7 52. Rd7 Nc6 53. Rd6
Nd4+ 54. Ke3 Nc2+ 55. Kf3 Rxa4 56. Bd2 Nd4+ 57. Kg3 Ra3+ 58. Kf2 Nf3 59. Bf4 a4
60. Rd7 Rb3 61. Bd6 a3 62. Bf8 (62. Ra7 Ne5 63. Bf8 Nxg4+ 64. Ke2 Kg8 65. Bxg7
(65. Rxg7+ Kxf8 66. Rxg4 a2 67. Ra4 Rh3 $1 {[%cal Rh3h1]}) (65. Ra8 Rh3 66.
Bxa3+ Kh7 67. Ra5 Ne5 $19) 65... a2 $19) 62... Kg8 63. Rd8 (63. Bxg7 Ne5 $19 {
[%csl Rd7,Rg4,Rg7]}) 63... Kf7 64. Ra8 Ne5 65. Bxa3 Nxg4+ 66. Kg2 f5 67. Ra7+
Kg8 68. Be7 f4 69. Bh4 f3+ 70. Kg3 f2+ 71. Kg2 Rb1 72. Bxf2 Nxf2 73. Kxf2 Rb5
74. Kg3 Rxh5 75. Kg4 Rg5+ 76. Kh4 Re5 77. Rb7 Kf8 78. Ra7 Re7 79. Ra6 Kf7 80.
Rb6 Re6 81. Rb7+ Kf6 82. Rb4 g6 83. Ra4 Kf5 84. Ra5+ Re5 85. Ra8 Re4+ 86. Kg3
Re3+ 87. Kf2 Rd3 88. Ra5+ Kg4 89. Ra4+ Kh5 90. Kg2 g5 91. Rc4 g4 92. Rc6 Kg5
93. Ra6 h5 94. Ra5+ Kh4 95. Ra2 Rd5 96. Rc2 Kg5 97. Ra2 0-1

[Event "EU-chT (Men) 14th"]
[Site "Plovdiv"]
[Date "2003.10.19"]
[Round "8.4"]
[White "San Segundo Carrillo, Pablo"]
[Black "Radulski, Julian"]
[Result "1-0"]
[WhiteElo "2524"]
[BlackElo "2475"]
[Annotator "Hecht,H"]
[PlyCount "171"]
[EventDate "2003.10.10"]
[EventType "team-swiss"]
[EventRounds "9"]
[EventCountry "BUL"]
[SourceTitle "CBM 098"]
[Source "ChessBase"]
[SourceDate "2004.02.03"]
[SourceVersion "1"]
[SourceVersionDate "2004.02.03"]
[SourceQuality "1"]
[WhiteTeam "Spain"]
[BlackTeam "Bulgaria"]
[WhiteTeamCountry "ESP"]
[BlackTeamCountry "BUL"]

1. d4 d5 2. c4 e6 3. Nf3 Nf6 4. Nc3 Nbd7 5. cxd5 exd5 6. Bf4 c6 7. Qc2 Qa5 8.
e3 Bb4 9. Bd3 c5 10. O-O c4 11. Bf5 O-O 12. Ne2 Re8 13. a3 Bf8 14. Nc3 g6 15.
Bh3 Nb6 16. Bxc8 Raxc8 17. Nd2 Nbd7 18. h3 b5 19. Rad1 Qb6 20. e4 Qc6 21. Rfe1
Nb6 22. Be5 Nfd7 23. Bg3 a5 24. Kh2 Nf6 25. Nf3 Nxe4 26. Ne5 Qb7 27. Nxe4 dxe4
28. Rxe4 Nd5 29. Ng4 f5 30. Rxe8 Rxe8 31. Ne5 Rc8 32. Re1 c3 33. Nd3 Qc6 34.
Ne5 Qb7 35. Nd3 a4 36. Qe2 Qc6 37. Ne5 Qb7 38. Nd3 Qb6 39. Qf3 Qxd4 40. Be5 Qc4
41. bxc3 Bxa3 42. Bd4 Bd6+ 43. g3 a3 44. Re6 Rd8 45. Qe2 Qc8 46. Rxd6 Rxd6 47.
Qe5 Qf8 48. Qh8+ Kf7 49. Qxh7+ Ke8 50. Qa7 Rd7 51. Qb8+ Kf7 52. Ne5+ Kg8 53.
Qxf8+ Kxf8 54. Nxd7+ Ke7 55. Nc5 Nb6 56. Nb3 Na4 57. Nc1 Ke6 58. g4 fxg4 59.
hxg4 Kd5 60. Bg7 Kc4 61. Bf8 Kxc3 62. Bxa3 b4 63. Na2+ Kb3 64. Nxb4 Kxa3 65.
Nd3 g5 {[#]} 66. f4 $5 {Setzt auf den letzten Bauern. Der logische und auch
klare Gewinnweg bestand in der Eroberung des g-Bauern ohne eigene Verluste.} (
66. Ne5 $1 Nc5 67. Nf7 Ne6 68. Kg3 Kb4 69. Kf3 Kc5 70. Ke4) 66... gxf4 67. g5
Nb6 68. g6 Nd5 69. Nxf4 Ne7 70. g7 Kb3 71. Kh3 Kc4 72. Kg4 Kd4 73. Kg5 Ke4 74.
Kf6 {Der (folgenlose) falsche Weg!} ({Richtig war} 74. Ng6 $1 Ng8 75. Nf8 Ke5
76. Kg6 Ne7+ (76... Kd6 77. Kh7 Nf6+ 78. Kh8 Ke7 79. Nh7 $18) 77. Kh7 (77. Kf7
$2 Nf5 78. Nd7+ Kd6 $11) 77... Kf6 (77... Kd6 78. Ng6 Nd5 79. Kh8 $1 Nf6 80.
Nf8 Ke7 81. Nh7 $18) 78. Ng6 $18) 74... Ng8+ 75. Kg5 (75. Kf7 Nh6+ 76. Kg6 Nf5
$1 $11) 75... Ke5 {Jetzt steht der schwarze König besser.} (75... Ne7 76. Ng6 {
ließe Weiß auf den richtigen Weg zurückkehren}) 76. Nh5 Ke6 77. Kg6 Ne7+ 78.
Kh7 Kf5 79. Ng3+ Kf4 80. Ne2+ Ke4 81. Nc3+ Ke5 82. Nb5 $1 {[%csl Ya7,Yd4][%cal
Ga7c8,Ga7c6,Gd4c6,Gd4f5] [#] Die Gewinnidee besteht darin, den Se7 durch
Angriff vom Feld g8 abzulenken. Das kann einerseits von a7 aus mit der
Doppeldrohung Sc8 und Sc6 geschehen, andererseits aber auch von d4 aus mit der
Doppeldrohung Sc6 und Sf5. Da sich der schwarze König aber nicht zerreißen
kann, gewinnt Weiß ohne Wenn und Aber.} Kd5 (82... Ke6 83. Nd4+ $18 {[%cal
Rd4f5,Rd4c6]}) (82... Nd5 83. Kh8 Ne7 (83... Nf6 84. Nc7 $18 {[%cal Rc7e8]})
84. Na7 $18 {[%cal Ra7c8]}) 83. Na7 {[%cal Ra7c8]} Ke4 84. Nc8 Nd5 85. Kg6 (85.
Kh8 $144 Nf6 86. Nd6+ Ke5 87. Ne8 $18) 85... Nf4+ 86. Kf7 1-0

[Event "Sharjah FIDE GP"]
[Site "Sharjah"]
[Date "2017.02.21"]
[Round "4"]
[White "Mamedyarov, Shakhriyar"]
[Black "Adams, Michael"]
[Result "1-0"]
[WhiteElo "2766"]
[BlackElo "2751"]
[Annotator "Hillarp Persson,T"]
[PlyCount "85"]
[EventDate "2017.02.18"]
[EventType "swiss"]
[EventRounds "9"]
[EventCountry "UAE"]
[SourceTitle "CBM 177"]
[Source "ChessBase"]
[SourceDate "2017.03.16"]
[SourceVersion "1"]
[SourceVersionDate "2017.03.16"]
[SourceQuality "1"]

1. d4 Nf6 2. c4 {With two wins to chose between today, I had the conundrum of
seeming to either favour the a3-Queen's Indian, or Mamedyarov of whom I am a
great fan. In the end I decided that the latter makes more sense, especially
if he continues to play like this.} e6 3. Nc3 d5 4. cxd5 (4. Nf3 Be7 5. Bf4 {
is the other variation that gives White some chances for an advantage.}) (4.
Bg5 Be7 5. Nf3 h6 $1 6. Bh4 (6. Bxf6 Bxf6 {leads to well researched positions
where Black should be able to equalise.}) 6... O-O 7. e3 Ne4 8. Bxe7 Qxe7 9.
Rc1 c6 {has a terribly solid reputation.}) 4... exd5 5. Bg5 c6 ({After} 5...
Be7 6. e3 {, there is no good way around playing c6:} Bf5 $6 7. Bxf6 Bxf6 8.
Qb3) (5... Bb4 {looks silly when White hasn't developed this knight on g1 to
f3 (since Black's grip on e4 is not as strong), but it is still not easy to
prove a clear advantage for White:} 6. e3 (6. Qb3 $5) 6... h6 7. Bh4 g5 8. Bg3
Ne4 9. Nge2 (9. Qa4+ Nc6) 9... h5 10. h4 (10. Qb3 $1 Nc6 11. h4 {looks
promising, since} Nxg3 12. Nxg3 gxh4 13. Nge2 {, leaves Black discoordinated
with a bad pawn structure.}) 10... Nxg3 11. Nxg3 gxh4 12. Nxh5 c6 $1 13. Qf3 $6
{Moranda,W (2591)-Rosenthal,D (2401) Germany 2013, led to a draw.} ({However,
instead} 13. a3 Bd6 14. g4 $3 hxg3 15. Qf3 Be6 16. e4 Nd7 17. exd5 cxd5 {
looks like a better idea. After} 18. Nf6+ Qxf6 19. Qxf6 Rxh1 20. Qf3 gxf2+ 21.
Qxf2 a6 {The position is rather unclear.})) 6. e3 h6 {This move, which is
rather uncommon, comes with a clear plan: to force the bishop to h4 and then
exchange it with Be7/Nh5. After the exchange Black hopes to have won a tempo
if White plays Qc2/Bd3, since there is no need to defend the h-pawn.} (6... Bf5
7. Qf3 Bg6 8. Bxf6 Qxf6 9. Qxf6 gxf6 {is another tabiya. White continues to
score well from this position, but it's still unclear whether Black is
actually worse.}) ({Playing "normally" with} 6... Be7 7. Bd3 Nbd7 8. Nge2 {
and now something other than exchanging the bishops, like} Nf8 {has been tried
by Mamedyarov from the Black side. However, these lines have a worse
reputation that the early exchange of the dark-squared bishops. After
something like} 9. O-O Ne6 10. Bh4 O-O {the game revolves around moves like
e3-e4, b2-b4 and c6-c5 and White seems to have greater freedom to lead the
game in one direction or another.}) 7. Bh4 Be7 8. Bd3 ({Unless we consider Ne4
to be a threat, there seem to be little reason to favour} 8. Qc2 {, over Bd3.
A recent game went} Nbd7 9. Bd3 Nh5 10. Bxe7 Qxe7 11. O-O-O Nb6 12. h3 Be6 13.
Nf3 Nf6 14. Kb1 O-O-O 15. Nd2 Kb8 16. Nb3 Rhe8 17. f3 Nfd7 18. Rhe1 Rc8 19. Rc1
{Tomashevsky,E (2725)-Adams,M (2740) 78th Tata Steel GpA 2016, and Black was
on a steady route to equality.}) 8... Nbd7 9. Nge2 {The knight is better off
here, since White can continue with f3 and e4.} ({After} 9. Nf3 {Black will
probably swap to a more traditional Carlsbad-plan with} O-O 10. Qc2 Re8 {
One could easily write a couple of books on this subject.}) 9... Nh5 ({The
only reason I can see for playing Qc2 before Bd3Nge2, is that Black has the
option of playing} 9... Ne4 $5 {So, the question is how the position after} 10.
Bxe7 Nxc3 (10... Qxe7 $6 11. Bxe4 dxe4 12. Ng3 Nf6 13. Qc2 $16) 11. Bxd8 Nxd1
12. Rxd1 Kxd8 13. f3 {is to be evaluated. White has a clear plan in e3-e4 (and
possibly g4/h4), whereas Black is somewhat passive. White ought to have a
small advantage.}) (9... O-O $6 10. f3 Nh5 11. Bf2 {gives White the extra
option of 0-0-0 followed by a pawn storm on the kingside.}) 10. Bxe7 Qxe7 11.
Qd2 $1 {This setup, which aims to play f3 quickly, has been on my radar for
quite some time and I even had the chance to play it before anyone else did. 
(See move 12)} Nb6 ({After} 11... O-O {my intention was to play} 12. f3 (12.
O-O-O $6 b5 13. Kb1 Nhf6 {and Black is faster to create threats since it is
hard to get g4 and h4 in:} 14. f3 Re8 $1 15. e4 b4 $15) (12. O-O Re8 13. Rae1
Nf8 {and I failed to see a great continuation for White.} 14. Nc1 Ne6 15. f3 b6
16. N1e2 {seems to slow.}) 12... Re8 13. Kf2 $5 {, but I don't know what
Mamedyarov was planning.}) 12. f3 {Had White had the queen on c2, then this
move would not have been possible.} (12. O-O O-O 13. f3 Be6 14. b3 Rac8 15.
Rac1 c5 16. dxc5 Rxc5 17. Nd4 {Hillarp Persson,T (2520)-Merriman,J (2250)
London Classic Open 2015, left me with a typical advantage.}) 12... Bd7 13. O-O
$1 {This move gives Black little choice but to evacuate the king to g8.} (13.
O-O-O O-O-O 14. Rhe1 {can also be considered, but the e3-e4 idea seem stronger
with Black's king on the kingside.}) 13... O-O ({Not} 13... O-O-O $6 14. a4 $1
{and Black's king is in trouble.}) 14. g4 $5 {This move would make less sense
if there was not a pawn on h6. Here it is quite principled and challenging. I
am a bit puzzled and disappointed that I did not find it in my own preparation.
} ({My preparation, from a few years back, goes} 14. Rae1 f5 15. Nf4 $1 ({
The "!" is from my old file, but perhaps} 15. b3 {is stronger.}) 15... Nxf4 16.
exf4 Qf6 17. Re5 {"with an initiative for White".}) 14... Nf6 15. Ng3 ({
It is also promising to play} 15. Nf4 {, with similar ideas to those in the
game. One possibility is} Ne8 16. Rae1 Nd6 17. e4 Qg5 18. Re2 dxe4 19. fxe4 $1
{and with Rg2/Qf2/h4 coming, Black is already in trouble.}) 15... Ne8 16. Rae1
Nd6 17. e4 $1 {A surprising and strong idea. White is even prepared to give up
the g4-pawn in order to get a mobile centre and some files. I'm happy I was
not the one who had to face this, unprepared, over the board.} dxe4 18. fxe4
Ndc4 $1 ({Adams' move is possibly the strongest. After} 18... Bxg4 19. e5 $1
Ndc4 20. Qg2 {White has a big attack with moves like Qe4 and Bf5.}) ({The
engine is a fan of} 18... Rad8 19. e5 Nb5 {and indeed, that is a clear case of
not passing the Turing Test. I would not take every chance to steer clear of
something like} 20. Qg2 Qg5 (20... Qb4 21. Nxb5 cxb5 22. Qe4 g6 23. Rf6 $40)
21. Nxb5 cxb5 22. Nf5 Bxf5 23. Rxf5 Qe7 24. Re4 {The engine assures us that
Black is only somewhat worse, but my gut is not convinced.}) 19. Qc1 $1 Bxg4
20. b3 Rad8 $5 {Adams decides to change the course of the game and it is a
respectable decision.} ({The alternatives look shaky:} 20... Na5 $6 21. Rf4 Qd7
22. Kh1 {and with Rg1 coming down the aisle, Black should do his best to
cancel this wedding.}) ({And after} 20... Na3 21. e5 {White has a huge
initiative.}) 21. Nf5 ({White has plenty of ways to keep some advantage, but
the ruined pawn structure will cut down White's winning chances. Perhaps the
best way to continue is} 21. bxc4 Rxd4 22. Be2 Bh3 23. Rf2 {, followed by Bf1
and Nf5. In this way Black doesn't get to exchange a pair of rooks under
favourable circumstances.}) 21... Bxf5 22. exf5 Qf6 23. Bxc4 Nxc4 24. bxc4
Qxd4+ 25. Kh1 Rfe8 26. f6 $1 Rxe1 27. Qxe1 Qxc4 28. fxg7 (28. Rg1 $6 g5 {
and White is unable to activate the knight without inviting simplifications 
(which will favour Black).}) 28... Rd6 {White has a clear advantage, but where
the technical obstacles are quite big. White's king is vulnerable to checks
and Black has a pawn majority on the queenside that can be set in motion.
White can probably not avoid the exchange of rooks, but it is important to do
it at a good moment.} 29. Rg1 $6 (29. Qe8+ Kxg7 30. Qe5+ (30. Rf3 Rf6 31. Qe5
Qe6 32. Rg3+ Kh7 33. Qb8 Rg6 34. Rxg6 Kxg6 35. Qxa7 {is a more forcing way to
get something similar to what happens in the game.}) 30... Kh7 31. Qf5+ Rg6 32.
Qxf7+ Qxf7 33. Rxf7+ Rg7 34. Rxg7+ Kxg7 35. Kg2 Kf6 36. Kf3 Ke5 37. Ke3 {
and I'm not sure whether White's advantage is enough for a win. It should be.})
29... Rg6 30. Qe5 (30. Rxg6 fxg6 31. Kg2 Kxg7 32. Qe7+ Qf7 33. Qe3 $14) 30...
Qe6 ({Here Adams had a chance to draw the game with} 30... Qd3 $1 {, with the
idea that} 31. Rxg6 Qf1+ 32. Rg1 Qf3+ {is a direct draw. Chess is a very
difficult game, especially when you are short on time and even more so when
you believe you are worse.}) 31. Qb8+ $1 Kxg7 32. Qxa7 $1 {This little pawn
makes all the difference in the endgame to come. Now Black's queenside pawn
are much more prone to become weak.} Qc4 33. Qe3 b5 34. a3 {White doesn't have
to keep the a-pawn since the h-pawn is all that is needed to win a knight vs
no-knight endgame.} c5 35. Ne4 $5 (35. Qe5+ Kh7 36. Re1 Qd3 37. Qe3 Qxe3 38.
Rxe3 Rb6 39. Kg2 {and winning becomes a matter of (advanced) technique.
Mamedyarov's way is a better human route.}) 35... f5 $2 {A miscalculation in
time trouble.} ({Adams' last chance to fight back was} 35... b4 $1 {, when} 36.
axb4 (36. a4 $5) 36... cxb4 {gives us a position that is very, very hard to
win for White.} 37. Rc1 Qd5 $1 38. Qf3 b3 39. Rb1 Rb6 40. Rd1 Qc6 41. Rg1+ Kf8
42. Qd3 Rb8 43. Qd4 Re8 {and Black hangs on.}) 36. Rxg6+ Kxg6 37. Nxc5 Qd5+ ({
Perhaps Adams missed that} 37... Qf1+ 38. Qg1+ {is check.}) 38. Kg1 Qd1+ 39.
Kg2 Qd5+ 40. Kh3 {The rest is easy.} Qd1 41. Qe8+ Kf6 (41... Kg5 42. Ne6+ $1
Kf6 43. Qd8+ Qxd8 44. Nxd8 Ke5 45. Kg3 Ke4 46. Nf7 Ke3 47. Nxh6 f4+ 48. Kg2 $18
) 42. Nd7+ Kg5 43. Qg8+ {and facing Qg3+/Nf6+, followed by Qd6+ and Qxd1, it
was time to resign.} 1-0